<?xml version="1.0" encoding="UTF-8"?>
<record
    xmlns:xsi="http://www.w3.org/2001/XMLSchema-instance"
    xsi:schemaLocation="http://www.loc.gov/MARC21/slim http://www.loc.gov/standards/marcxml/schema/MARC21slim.xsd"
    xmlns="http://www.loc.gov/MARC21/slim">

  <leader>00764nam a22002171i 4500</leader>
  <controlfield tag="001">64745</controlfield>
  <controlfield tag="003">ES-MaACL</controlfield>
  <controlfield tag="007">t|</controlfield>
  <controlfield tag="008">040105s1974    mx           ||||0| spa j</controlfield>
  <datafield tag="016" ind1="7" ind2=" ">
    <subfield code="z">IBH8100909649 </subfield>
    <subfield code="z">BNE19920648851 </subfield>
    <subfield code="z">IBH8505902147</subfield>
  </datafield>
  <datafield tag="040" ind1=" " ind2=" ">
    <subfield code="a">IBH </subfield>
    <subfield code="b">spa </subfield>
    <subfield code="c">M-BN-DP </subfield>
    <subfield code="d">M-BN-DP</subfield>
  </datafield>
  <datafield tag="100" ind1="1" ind2=" ">
    <subfield code="a">Foucault, Michel, </subfield>
    <subfield code="d">1926-1984</subfield>
    <subfield code="9">241486</subfield>
  </datafield>
  <datafield tag="245" ind1="1" ind2="4">
    <subfield code="a">Las palabras y las cosas </subfield>
    <subfield code="b">: una arqueolog&#xED;a de las ciencias humanas / </subfield>
    <subfield code="c">por Michel Foucault ; traducci&#xF3;n de Elsa Cecilia Frost.</subfield>
  </datafield>
  <datafield tag="250" ind1=" " ind2=" ">
    <subfield code="a">[5&#xAA; ed.].</subfield>
  </datafield>
  <datafield tag="260" ind1=" " ind2=" ">
    <subfield code="a">M&#xE9;xico, etc. : </subfield>
    <subfield code="b">Siglo Veintiuno, </subfield>
    <subfield code="c">[1974]</subfield>
  </datafield>
  <datafield tag="300" ind1=" " ind2=" ">
    <subfield code="a">VIII, 375 p. : </subfield>
    <subfield code="b">il. col. ; </subfield>
    <subfield code="c">21 cm.</subfield>
  </datafield>
  <datafield tag="700" ind1="1" ind2=" ">
    <subfield code="a">Frost, Elsa Cecilia.</subfield>
    <subfield code="9">52750</subfield>
  </datafield>
  <datafield tag="852" ind1=" " ind2=" ">
    <subfield code="a">ES-MaACL</subfield>
    <subfield code="j">E-5784 </subfield>
    <subfield code="b">R.89872</subfield>
  </datafield>
  <datafield tag="999" ind1=" " ind2=" ">
    <subfield code="c">64745</subfield>
    <subfield code="d">64745</subfield>
  </datafield>
  <datafield tag="952" ind1=" " ind2=" ">
    <subfield code="0">0</subfield>
    <subfield code="1">0</subfield>
    <subfield code="4">0</subfield>
    <subfield code="7">0</subfield>
    <subfield code="a">ATENEOM</subfield>
    <subfield code="b">ATENEOM</subfield>
    <subfield code="c">DEPO2</subfield>
    <subfield code="d">2008-01-17</subfield>
    <subfield code="e">SC</subfield>
    <subfield code="l">0</subfield>
    <subfield code="o">E-5784</subfield>
    <subfield code="p">1067841</subfield>
    <subfield code="r">2023-02-23 00:00:00</subfield>
    <subfield code="w">2023-02-23</subfield>
    <subfield code="y">MONOGRAFIA</subfield>
  </datafield>
</record>
